ბათუმის შოთა რუსთაველის სახელმწიფო უნივერსიტეტის ბიბლიოთეკა

წყალქვეშეთი ჩვენს ოთახში. (ბიბ.ჩანაწერი № 35465)

000 -LEADER
fixed length control field 00709nam a2200229Ia 4500
001 - CONTROL NUMBER
control field 1323
003 - CONTROL NUMBER IDENTIFIER
control field GE_BSU
008 - FIXED-LENGTH DATA ELEMENTS--GENERAL INFORMATION
fixed length control field 181216s||||||||xx |||||||||||||| ||und||
040 ## - CATALOGING SOURCE
Transcribing agency GE_BSU
080 ## - UNIVERSAL DECIMAL CLASSIFICATION NUMBER
Universal Decimal Classification number 597.2/5
100 ## - MAIN ENTRY--PERSONAL NAME
Personal name ანდრეევი,იური
245 ## - TITLE STATEMENT
Title წყალქვეშეთი ჩვენს ოთახში.
245 ## - TITLE STATEMENT
Statement of responsibility, etc. [რედ. მ დემეტრაშვილი]
260 ## - PUBLICATION, DISTRIBUTION, ETC.
Place of publication, distribution, etc. თბილისი
260 ## - PUBLICATION, DISTRIBUTION, ETC.
Name of publisher, distributor, etc. ნაკადული
260 ## - PUBLICATION, DISTRIBUTION, ETC.
Date of publication, distribution, etc. 1989
300 ## - PHYSICAL DESCRIPTION
Extent 119 გვ. 19 სმ.
653 ## - INDEX TERM--UNCONTROLLED
Uncontrolled term ზოოლოგია
653 ## - INDEX TERM--UNCONTROLLED
Uncontrolled term წყალქვეშეთი ჩვენს ოთახში.
942 ## - ADDED ENTRY ELEMENTS (KOHA)
Koha item type წიგნი
ეგზემპლარები
Withdrawn status Lost status Damaged status Not for loan Date acquired Barcode Date last seen Price effective from Koha item type
        2018-12-17 2687 2018-12-17 2018-12-17 წიგნი